000
00261nam a22001217a 4500
008
170627b xxu||||| |||| 00| 0 eng d
041
_a
eng
080
_a
821
100
_a
21
101
_a
GJL
245
_a
LOUISIANA LITERATURE
_c
BEDELL, J.B
942
_2
udc
_c
BK
999
_c
19207
_d
19207